Loading...
| Fine Arts - Auditory Fine Arts | 5 | 18.00 | 100% | 60% | 20% |
| Fine Arts - Other Fine Arts | 7 | 20.00 | 100% | 71% | 29% |
| Fine Arts - Visual Fine Arts | 6 | 21.67 | 100% | 100% | 17% |
| History - American History | 4 | 10.00 | 75% | 0% | 25% |
| History - European History | 6 | 11.67 | 83% | 17% | 17% |
| History - Other History | 7 | 12.86 | 86% | 29% | 14% |
| History - World History | 5 | 16.00 | 100% | 40% | 20% |
| Literature - American Literature | 7 | 20.00 | 100% | 71% | 29% |
| Literature - British Literature | 4 | 17.50 | 100% | 50% | 25% |
| Literature - European Literature | 2 | 25.00 | 100% | 50% | 100% |
| Literature - World Literature | 4 | 17.50 | 100% | 75% | 0% |
| Mythology | 3 | 20.00 | 100% | 67% | 33% |
| Other Academic | 2 | 15.00 | 100% | 50% | 0% |
| Philosophy | 5 | 24.00 | 100% | 100% | 40% |
| Religion | 5 | 20.00 | 100% | 100% | 0% |
| Science - Biology | 3 | 16.67 | 100% | 33% | 33% |
| Science - Chemistry | 5 | 22.00 | 100% | 100% | 20% |
| Science - Other Science | 5 | 18.00 | 100% | 60% | 20% |
| Science - Physics | 4 | 25.00 | 100% | 100% | 50% |
| Social Science | 3 | 23.33 | 100% | 100% | 33% |